| 000 | 00608nam a22002177a 4500 | ||
|---|---|---|---|
| 003 | OSt | ||
| 005 | 20210426100907.0 | ||
| 008 | 210120s1974 ||||| |||| 00| 0 eng d | ||
| 040 |
_aeng _beng _cDLC |
||
| 041 | _aeng | ||
| 080 |
_a92 _bD-77 |
||
| 100 |
_9658 _aDouglas, O. William |
||
| 245 |
_aGo East, Young Man / The Early Ears _b: The Autobiography of William O. Douglas _c/ by: Random House |
||
| 250 | _a1st edition | ||
| 260 |
_aNew York _bRandom House _c1974 |
||
| 300 |
_a493 p. _bill. |
||
| 365 | _b10 usd | ||
| 650 | 0 |
_9237 _aBiography |
|
| 653 | _aბიოგრაფია | ||
| 942 |
_2udc _cBK _e1 |
||
| 999 |
_c891 _d891 |
||